书目信息 |
| 题名: |
日语100句
|
|
| 作者: | 凌蓉 编著 | |
| 分册: | ||
| 出版信息: | 上海 上海外语教育出版社 2005.03 |
|
| 页数: | 201页 | |
| 开本: | 19cm | |
| 丛书名: | 青春与世博同行 | |
| 单 册: | ||
| 中图分类: | H369.9 | |
| 科图分类: | ||
| 主题词: | 日语--ri yu--口语 | |
| 电子资源: | ||
| ISBN: | 7-81095-165-3 | |
| 000 | 00776nam 2200265 4500 | |
| 001 | CAL 012005069922 | |
| 005 | 20060605160850.70 | |
| 010 | @a7-81095-165-3@dCNY 12.00 | |
| 099 | @aCAL 012005069922 | |
| 100 | @a20050614d2005 ekmy0chiy0121 ea | |
| 101 | 0 | @achi@ajpn |
| 102 | @aCN@b310000 | |
| 200 | 1 | @a日语100句@Ari yu 100 ju@f凌蓉编著 |
| 210 | @a上海@c上海外语教育出版社@d2005.03 | |
| 215 | @a201页@c图@d19cm | |
| 225 | 2 | @a青春与世博同行@Aqing chun yu shi bo tong xing@i外语100句丛书 |
| 410 | 0 | @12001 @a外语100句丛书 |
| 410 | 0 | @12001 @a青春与世博同行 |
| 606 | 0 | @a日语@Ari yu@x口语 |
| 690 | @aH369.9@v4 | |
| 701 | 0 | @a凌蓉@Aling rong@4编著 |
| 801 | 2 | @aCN@bWUL@c20060605 |
| 801 | 0 | @aCN@bWHWJ@c20050401 |
| 905 | @dH369.9@eL564 | |
| 906 | @dCNY 12.00@n3@r1 | |
| 日语100句/凌蓉编著.-上海:上海外语教育出版社,2005.03 |
| 201页:图;19cm.-(青春与世博同行.外语100句丛书) |
| ISBN 7-81095-165-3:CNY 12.00 |
| ● |
| 相关链接 |
|
|
|
正题名:日语100句
索取号:H369.9/L564
 
预约/预借
| 序号 | 登录号 | 条形码 | 馆藏地/架位号 | 状态 | 备注 |
| 1 | 606212 | 206062124 | 语言库209/209语言库 133排2列6层/ [索取号:H369.9/L564] | 在馆 | |
| 2 | 606213 | 206062133 | 语言库209/209语言库 133排2列6层/ [索取号:H369.9/L564] | 在馆 | |
| 3 | 606214 | 206062142 | 语言库209/209语言库 133排2列6层/ [索取号:H369.9/L564] | 在馆 |